| 000 | 00601nam a22001817a 4500 | ||
|---|---|---|---|
| 005 | 20260605103402.0 | ||
| 010 | _aENG-148757 | ||
| 020 |
_c350.00 _a9788195487622 |
||
| 035 | _aEN-132289 | ||
| 037 | _bDBAD | ||
| 082 |
_a954.035 _21 |
||
| 245 |
_aThe Tilak Case/ _cEdited by D.V Gokhale |
||
| 260 |
_aKolkata _bInstitute Of Social And Cultural Studies _c2022 |
||
| 270 |
_bNew Delhi _a48/2, Dr. Suresh Sarkar Road Kolkata _e700014 _k033-65339003 _miscskol@gmail.com |
||
| 300 |
_a212p. _c21cm(pb) |
||
| 500 | _aSecurity Under Sec.108Cr. P.C (1916) | ||
| 942 |
_2ddc _cEN _h954.035 _mRAC |
||
| 999 |
_c216517 _d216517 |
||